000 01507nam a2200325 i 4500
001 183073
003 ES-MaACL
005 20251220172939.0
008 140115s2012 sp | |||||||| | spa d
020 _a978-84-9895-133-2
080 _a821.134.2-2.09"19"
080 _a792(460)"19"
080 _a176.8(0:82)
111 2 _aSeminario Internacional del Centro de Investigación de Semiótica Literaria, Teatral y Nuevas Tecnologías
_n(21.
_d2011.
_cMadrid)
_9154186
245 1 0 _aErotismo y teatro en la primera década del siglo XXI :
_bactas del XXI Seminario Internacional del Centro de Investigación de Semiótica Literaria, Teatral y Nuevas Tecnologías /
_cJosé Romera Castillo (ed.), con la colaboración de Francisco Gutiérrez Carbajo y Raquel García-Pascual.
260 _aMadrid :
_bVisor Libros,
_cD.L. 2012.
300 _a386 p. ;
_c21 cm.
490 1 _aBiblioteca filológica hispana ;
_v133
504 _aIncluye referencias bibliográficas.
650 4 _aTeatro español-
_yS.XX-
_xHistoria y crítica.
_917361
650 0 4 _aTeatro-
_zEspaña-
_yS.XX.
_917307
650 4 _aErotismo-
_xEn la literatura.
_9154187
700 1 _aGutiérrez Carbajo, Francisco.
_961103
700 1 _aRomera Castillo, José,
_d1946-
_999292
700 1 _aGarcía-Pascual, Raquel.
_9154188
830 0 _aBiblioteca filológica hispana ;
_v133
_9179654
852 _aES-MaACL
_jA-13016
_9190007
_bR.149843
_cDEPO1
_dOlim: N-6016
942 _2udc
_cMONOGRAFIA
999 _c183073
_d183073